Minecraft Edible Items - Sudden Death - Statistics

General Stats
  • This quiz has been taken 91 times
  • The average score is 8 of 11
Answers on the Grid
Answers color-coded by a green-red scale on the quiz's grid according to % correct below.
Apple
Pumpkin
Sugar
Bread
Cocoa Beans
Carrot
Beetroot Soup
Eggs
Nether Wart
Wheat
Cookie
Beetroot Seeds
Raw Beef
Melon Block
Mushroom Stew
Baked Potato
Bones
Glow Berries
Dried Kelp
Leather
String
Rotten Flesh
 
Answer Stats
Answer % Correct
Apple
97%
Bread
78%
Carrot
77%
Rotten Flesh
77%
Baked Potato
75%
Cookie
75%
Raw Beef
74%
Beetroot Soup
71%
Mushroom Stew
70%
Dried Kelp
65%
Glow Berries
65%
No matching quizzes found
Score Distribution
Percent of People with Each Score
Percentile by Number Answered
Your Score History
You have not taken this quiz